000 00235nam a2200097Ia 4500
008 190216s9999||||xx |||||||||||||| ||und||
100 _aNull
245 0 _aHindi-Mahakavi Meer Taqi Meer
260 _bMac Millian And Com. Ltd
942 _cBK
999 _c17848
_d17848